Системный анализ процессов химической технологии. [Кн. 3], Статистические методы идентификации процессов химической технологии

Bibliografiske detaljer
Hovedforfatter: Кафаров В. В. Виктор Вячеславович
Institution som forfatter: Академия Наук СССР
Andre forfattere: Дорохов И. Н. Игорь Николаевич, Липатов Л. Н. Лев Николаевич
Sprog:russisk
Udgivet: Москва, Наука, 1982
Fag:
Format: Bog
KOHA link:https://koha.lib.tpu.ru/cgi-bin/koha/opac-detail.pl?biblionumber=65841

MARC

LEADER 00000nam0a2200000 4500
001 65841
005 20231031070954.0
035 |a (RuTPU)RU\TPU\book\69889 
035 |a RU\TPU\book\69886 
090 |a 65841 
100 |a 20040701d1982 k y0rusy50 ca 
101 0 |a rus 
102 |a RU 
105 |a a z 001zy 
200 1 |a Системный анализ процессов химической технологии. [Кн. 3], Статистические методы идентификации процессов химической технологии  |g Академия Наук СССР; Под ред. Н. М. Жаворонкова  |f В. В. Кафаров, И. Н. Дорохов, С. Ю. Арутюнов 
210 |a Москва  |c Наука  |d 1982 
215 |a 334 с.  |c ил. 
320 |a Библиография в конце глав. 
610 1 |a математическое моделирование 
610 1 |a химическая технология 
610 1 |a статистические методы 
610 1 |a процессы 
610 1 |a идентификация 
675 |a 66.011  |v 3 
700 1 |a Кафаров  |b В. В.  |g Виктор Вячеславович 
701 1 |a Дорохов  |b И. Н.  |g Игорь Николаевич 
701 1 |a Липатов  |b Л. Н.  |g Лев Николаевич 
712 0 2 |a Академия Наук СССР  |2 stltpush  |3 (RuTPU)RU\TPU\col\722 
801 1 |a RU  |b 63413507  |c 20040629  |g PSBO 
801 2 |a RU  |b 63413507  |c 20171117  |g PSBO 
900 |a Системный анализ... 
900 |a Компьютерные моделирующие системы в химической технологи 
942 |c BK